| 000 | 00628nam a22001937a 4500 | ||
|---|---|---|---|
| 005 | 20251108174955.0 | ||
| 008 | 250721s2011 xx 000 0 ara d | ||
| 082 | 1 | 4 | _a302.2/جمع |
| 100 | 1 |
_aجمعة، عمر على _eمؤلف |
|
| 245 | 1 | 0 | _aدور الأعلام و الصحافة الغربية في حربي الخليج / |
| 264 | 1 |
_aعمان : _bمؤسسة البلسم للنشر والتوزيع، _c2011. |
|
| 300 | _a207ص. | ||
| 650 | 1 | 7 | _aالاعلام |
| 650 | 1 | 7 | _aالإتصال الجماهيري |
| 650 | 1 | 7 | _aحرب الخليج 1991 |
| 650 | 1 | 7 | _aالغرب |
| 942 |
_2ddc _cBK |
||
| 999 |
_c122918 _d122918 |
||